000 00552nam a22002177a 4500
003 OSt
005 20260421105109.0
008 260421b |||||||| |||| 00| 0 eng d
020 _a978-93-5390-554-5
040 _cSBCL
082 _a894.8123
_bSRE-P
100 _aSreeparvathy
245 _aPoetry Killer
250 _a18th ed.
260 _aKottayam
_bDC Books
_c2026
300 _a143 p.
630 _xLiterature & rhetoric
650 _aLiteratures of other languages
650 _aAltaic, Uralic, Hyperborean & Dravidian
942 _cBOOK
999 _c137989
_d137989